| 000 | 00511nam a22001575i 4500 | ||
|---|---|---|---|
| 001 | 158042 | ||
| 003 | ES-MaACL | ||
| 005 | 20230906210947.0 | ||
| 008 | 980720s1875 sp |||| | spa d | ||
| 040 |
_aAS _bspa _cAS |
||
| 100 | 1 |
_aLopez Guijarro, Salvador. _9129056 |
|
| 245 | 1 | 0 |
_aUn poco de prosa _b: artículos literarios / _cpor Salvador López Guijarro. |
| 260 |
_aMadrid : _b[s.n.], _c1875 ( _fImprenta de M. G. Hernández) |
||
| 300 |
_a304 p. ; _c19 cm. |
||
| 852 |
_aES-MaACL _jF-11402 _z-- Enc. pasta |
||
| 999 |
_c158042 _d158042 |
||